Naturaleza y política.

Guardat en:
Dades bibliogràfiques
Autor principal: García-Huidobro Correa, Joaquín (autor)
Format: Llibre
Idioma:espanyol
Publicat: Valparaíso, Chile: EDEVAL, 1997.
Col·lecció:Colección de Estudios y Monografías, 31.
Matèries:
Etiquetes: Afegir etiqueta
Sense etiquetes, Sigues el primer a etiquetar aquest registre!

MARC

LEADER 00000cam a2200000 a 4500
001 UCR7051
003 CL-VaPUC
005 20250313110308.0
008 980430e19970000CL |||||||||||||||||spa|d
999 |c 268905  |d 268903 
020 |a 956-200-067-3 
040 |c Pontificia Universidad Católica de Valparaíso 
082 0 4 |a 320.01 GAR 1997  |2 21 
100 |a García-Huidobro Correa, Joaquín  |e autor  |9 587370 
245 1 0 |a Naturaleza y política. 
260 |a Valparaíso, Chile:   |b EDEVAL,   |c 1997. 
300 |a X, 153 páginas.  
490 0 |a Colección de Estudios y Monografías, 31. 
500 |a c.5 Donación Familia Prof. Alejandro Guzmán Brito. 
583 |a last modification  |c 20160715 09:07:22  |k Rodrigo Vera 
650 0 |a Filosofía política  |9 295215 
650 0 |a Derecho natural   |9 255041 
942 |c BK  |2 ddc  |n 0 
945 |d 19980430 00:00:00  |a rbrito 
952 |0 0  |1 0  |4 0  |6 320_010000000000000_GAR_1997  |7 0  |8 DER_TF  |9 302369  |a BIBDER  |b BIBDER  |d 2019-11-20  |i 3367746  |o 320.01 GAR 1997  |p 3367746  |r 2023-01-25  |w 2019-11-20  |x Ubicación 4to Piso  |y BK  |z Estos recursos deben solicitarse con anticipación  |k DER 
952 |0 0  |1 0  |4 0  |6 320_010000000000000_GAR_1997  |7 0  |8 A  |9 302370  |a BIBHIS  |b BIBHIS  |d 2019-11-20  |i 3474399  |o 320.01 GAR 1997  |p 3474399  |r 2025-01-20  |w 2019-11-20  |y BK  |k HIS 
952 |0 0  |1 0  |3 erb  |4 0  |6 320_010000000000000_GAR_1997  |7 0  |8 A  |9 302371  |a FDOHBE  |b FDOHBE  |e Huesbe Llanos, Marco Antonio, 1934-  |i 5303966  |o 320.01 GAR 1997  |p 5303966  |r 2024-01-30  |w 2019-11-20  |y BK  |z Catalogado en:20160520  |k HBE 
952 |0 0  |1 0  |3 erb  |4 0  |6 320_010000000000000_GAR_1997  |7 0  |8 A  |9 302372  |a FDOHBE  |b FDOHBE  |e Huesbe Llanos, Marco Antonio, 1934-  |i 5308437  |o 320.01 GAR 1997  |p 5308437  |r 2024-01-30  |w 2019-11-20  |y BK  |z Catalogado en:20160701  |k HBE